00550cam a22002057a 4500003000500000005001700005008004100022010001000063011001000073035001000083040000900093082001300102100002300115245009800138260004700236300001100283490001600294650001800310830001600328CHAP20220329140632.0971013c19841979 r 00010 d a55104 a56076 a60229 cCHAP a150bY3y00aYaroshevsky, M. G.13aLa psicología en el siglo XXb: el desarrollo de la psicología y sus problemas teóricos aMéxico, D.F. :bGrijalbo,c1984 (c.1979) a392 p. 0aCol. enlace14aPsicología.0 aCol. enlace